<?xml version="1.0" encoding="UTF-8"?>
<record
    xmlns:xsi="http://www.w3.org/2001/XMLSchema-instance"
    xsi:schemaLocation="http://www.loc.gov/MARC21/slim http://www.loc.gov/standards/marcxml/schema/MARC21slim.xsd"
    xmlns="http://www.loc.gov/MARC21/slim">

  <leader>03190nam a22003017i 4500</leader>
  <controlfield tag="003">Do-SdINT</controlfield>
  <controlfield tag="005">20250603151744.0</controlfield>
  <controlfield tag="008">040225s2024    fr      s    |||| 0|spa d</controlfield>
  <datafield tag="020" ind1=" " ind2=" ">
    <subfield code="a">978-92-3-300221-0</subfield>
  </datafield>
  <datafield tag="040" ind1=" " ind2=" ">
    <subfield code="a">DO-SdINT</subfield>
    <subfield code="e">rda</subfield>
    <subfield code="b">spa</subfield>
    <subfield code="c">DO-SdINT</subfield>
  </datafield>
  <datafield tag="072" ind1=" " ind2=" ">
    <subfield code="a">CSH</subfield>
  </datafield>
  <datafield tag="082" ind1=" " ind2=" ">
    <subfield code="a">371.334 6/O68g</subfield>
    <subfield code="2">21</subfield>
  </datafield>
  <datafield tag="110" ind1=" " ind2=" ">
    <subfield code="a">Organizaci&#xF3;n de las Naciones Unidas para la Educaci&#xF3;n, la Ciencia y la Cultura</subfield>
    <subfield code="9">39682</subfield>
    <subfield code="e">autor</subfield>
  </datafield>
  <datafield tag="245" ind1="1" ind2="0">
    <subfield code="a">Gu&#xED;a para el uso de IA generativa en educaci&#xF3;n e investigaci&#xF3;n /</subfield>
  </datafield>
  <datafield tag="246" ind1=" " ind2=" ">
    <subfield code="a">Guidance for generative AI in education and research /</subfield>
  </datafield>
  <datafield tag="264" ind1=" " ind2=" ">
    <subfield code="a">Paris, Francia : </subfield>
    <subfield code="b">UNESCO,</subfield>
    <subfield code="c">2024</subfield>
  </datafield>
  <datafield tag="300" ind1=" " ind2=" ">
    <subfield code="a">1 recurso en l&#xED;nea (48 p&#xE1;ginas)</subfield>
  </datafield>
  <datafield tag="336" ind1=" " ind2=" ">
    <subfield code="a">texto</subfield>
    <subfield code="b">txt</subfield>
    <subfield code="2">rdacontent</subfield>
  </datafield>
  <datafield tag="337" ind1=" " ind2=" ">
    <subfield code="a">computadora</subfield>
    <subfield code="b">c</subfield>
    <subfield code="2">rdamedia</subfield>
  </datafield>
  <datafield tag="338" ind1=" " ind2=" ">
    <subfield code="a">recurso en l&#xED;nea</subfield>
    <subfield code="b">c</subfield>
    <subfield code="2">rdacarrier</subfield>
  </datafield>
  <datafield tag="347" ind1=" " ind2=" ">
    <subfield code="a">archivo de texto</subfield>
    <subfield code="b">PDF</subfield>
    <subfield code="2">rda</subfield>
  </datafield>
  <datafield tag="506" ind1="0" ind2=" ">
    <subfield code="a">Open Access</subfield>
  </datafield>
  <datafield tag="520" ind1=" " ind2=" ">
    <subfield code="a">Las herramientas de IA generativa de acceso p&#xFA;blico (IAGen) est&#xE1;n surgiendo r&#xE1;pidamente, y el lanzamiento de versiones iterativas supera la velocidad de adaptaci&#xF3;n de los marcos regulatorios nacionales. La falta de regulaciones nacionales sobre IAGen en la mayor&#xED;a de los pa&#xED;ses deja desprotegida la privacidad de los datos de los usuarios y a las instituciones educativas, en gran medida, sin preparaci&#xF3;n para validar las herramientas. La primera orientaci&#xF3;n global de la UNESCO sobre IAGen en educaci&#xF3;n apunta a apoyar a los pa&#xED;ses en la implementaci&#xF3;n de acciones inmediatas, la planificaci&#xF3;n de pol&#xED;ticas de largo plazo y el desarrollo de capacidades humanas para garantizar una visi&#xF3;n de estas nuevas tecnolog&#xED;as centrada en el ser humano. Esta gu&#xED;a presenta una evaluaci&#xF3;n de los posibles riesgos que la IAGen podr&#xED;a plantear para los valores human&#xED;sticos fundamentales que promueven la intervenci&#xF3;n humana, la inclusi&#xF3;n, la equidad, la igualdad de g&#xE9;nero, la diversidad ling&#xFC;&#xED;stica y cultural, as&#xED; como las opiniones y expresiones plurales. Propone pasos clave para que las agencias gubernamentales regulen el uso de las herramientas de IAGen, incluyendo la obligaci&#xF3;n de proteger la privacidad de los datos y considerar un l&#xED;mite de edad para su uso. Establece requisitos para los proveedores de IAGen para permitir su uso &#xE9;tico y efectivo en la educaci&#xF3;n. La gu&#xED;a destaca la necesidad de que las instituciones educativas validen la idoneidad &#xE9;tica y pedag&#xF3;gica de los sistemas de IAGen para la educaci&#xF3;n. Hace un llamado a la comunidad internacional para reflexionar sobre sus implicancias a largo plazo en el conocimiento, la ense&#xF1;anza, el aprendizaje y la evaluaci&#xF3;n. La publicaci&#xF3;n ofrece recomendaciones concretas para los formuladores de pol&#xED;ticas y las instituciones educativas sobre c&#xF3;mo dise&#xF1;ar el uso de herramientas de IAGen, con el fin de proteger la intervenci&#xF3;n humana y beneficiar genuinamente a estudiantes, aprendices e investigadores.</subfield>
  </datafield>
  <datafield tag="650" ind1=" " ind2="7">
    <subfield code="a">Inteligencia artificial</subfield>
    <subfield code="2">ARMARC</subfield>
    <subfield code="9">34332</subfield>
    <subfield code="x">Aplicaciones educativas</subfield>
  </datafield>
  <datafield tag="650" ind1=" " ind2="0">
    <subfield code="a">Inteligencia artificial generativa</subfield>
    <subfield code="2">ARMARC</subfield>
    <subfield code="9">109476</subfield>
    <subfield code="x">Gu&#xED;as </subfield>
  </datafield>
  <datafield tag="856" ind1=" " ind2=" ">
    <subfield code="y">Acceso a Texto Completo</subfield>
    <subfield code="u">https://opacbiblioteca.intec.edu.do/opac-tmpl/files/recursoselectronicos/1736878345488.pdf</subfield>
  </datafield>
  <datafield tag="942" ind1=" " ind2=" ">
    <subfield code="c">E-BOOK</subfield>
    <subfield code="2">ddc</subfield>
  </datafield>
  <datafield tag="999" ind1=" " ind2=" ">
    <subfield code="c">13447</subfield>
    <subfield code="d">13447</subfield>
  </datafield>
  <datafield tag="952" ind1=" " ind2=" ">
    <subfield code="0">0</subfield>
    <subfield code="1">0</subfield>
    <subfield code="2">ddc</subfield>
    <subfield code="4">0</subfield>
    <subfield code="7">0</subfield>
    <subfield code="a">IDEICE</subfield>
    <subfield code="b">IDEICE</subfield>
    <subfield code="d">2025-05-20</subfield>
    <subfield code="l">0</subfield>
    <subfield code="o">371.334 6/O68g</subfield>
    <subfield code="r">2025-05-20 12:33:46</subfield>
    <subfield code="u">https://opacbiblioteca.intec.edu.do/opac-tmpl/files/recursoselectronicos/1736878345488.pdf</subfield>
    <subfield code="w">2025-05-20</subfield>
    <subfield code="y">LIB</subfield>
  </datafield>
</record>
